000 00549cam a22002291 4500
001 sa 64005818
003 DLC
005 20260227112035.0
008 940606s1963 ii 000 0 malo
010 _asa 64005818
025 _aPL480:I-Mal-436
035 _a(OCoLC)30562626
040 _aDLC
_cCU
_dCU
_dDLC
042 _apremarc
050 0 0 _aPL4718.9.A95
_bM8
100 1 _aAzad, M.
245 1 0 _aMuḷkkirīṭaṃ.
260 _a[Ernakulam,
_bSarmma]
300 _axiii, 62 p.
_c19 cm.
500 _aIn Malayalam.
500 _aA play.
999 _c59337
_d59337